Movies Quiz

Random Movies or Decade Quiz

1990s Movie Taglines II Quiz Stats

 Plays Quiz Updated Jun 17, 2018

Challenge
Share
Tweet
Embed
Score 0/20 Timer 06:00
2 Plays Today
% Correct
Independence Day
95.4%
Groundhog Day
94.8%
Home Alone
91.4%
Scream
91%
Goodfellas
90.5%
Edward Scissorhands
89.4%
Men in Black
88.7%
The Shawshank Redemption
87.4%
Saving Private Ryan
87.4%
Beauty and the Beast
87.2%
% Correct
Eyes Wide Shut
86.7%
Dazed and Confused
86.4%
Fargo
86.3%
Boogie Nights
85.8%
Total Recall
85.6%
Trainspotting
84.1%
The Sixth Sense
79.4%
Dances with Wolves
76.2%
The Usual Suspects
70.1%
L.A. Confidential
55.8%

You're not logged in!

Compare scores with friends on all Sporcle quizzes.
Join for Free
OR
Log In

You Might Also Like...

Show Comments

Extras

Top Quizzes Today


Score Distribution

Your Account Isn't Verified!

In order to create a playlist on Sporcle, you need to verify the email address you used during registration. Go to your Sporcle Settings to finish the process.

Report this User

Report this user for behavior that violates our Community Guidelines.

Details: